| 000 -LEADER |
| fixed length control field |
01791cam a2200409 i 4500 |
| 001 - CONTROL NUMBER |
| control field |
20229215 |
| 003 - CONTROL NUMBER IDENTIFIER |
| control field |
NUST |
| 005 - DATE AND TIME OF LATEST TRANSACTION |
| control field |
20190108061541.0 |
| 008 - FIXED-LENGTH DATA ELEMENTS--GENERAL INFORMATION |
| fixed length control field |
171221s2017 pk a 100 0 eng |
| 010 ## - LIBRARY OF CONGRESS CONTROL NUMBER |
| LC control number |
2017332808 |
| 020 ## - INTERNATIONAL STANDARD BOOK NUMBER |
| International Standard Book Number |
9789698721633 |
| 025 ## - OVERSEAS ACQUISITION NUMBER |
| Overseas acquisition number |
P-E-2017332808; 33 |
| 037 ## - SOURCE OF ACQUISITION |
| Source of stock number/acquisition |
Library of Congress -- Islamabad Overseas Office |
| 038 ## - RECORD CONTENT LICENSOR |
| Staff Name |
Muhammad Ibrahim |
| 040 ## - CATALOGING SOURCE |
| Original cataloging agency |
DLC |
| Language of cataloging |
eng |
| Transcribing agency |
DLC |
| Description conventions |
rda |
| 042 ## - AUTHENTICATION CODE |
| Authentication code |
lcode |
| -- |
pcc |
| 043 ## - GEOGRAPHIC AREA CODE |
| Geographic area code |
a-af--- |
| 050 00 - LIBRARY OF CONGRESS CALL NUMBER |
| Classification number |
JZ5584.A33 |
| Item number |
I58 2017 |
| 082 ## - DEWEY DECIMAL CLASSIFICATION NUMBER |
| Classification number |
958.1 |
| Author Mark |
ACH 2017 |
| 111 2# - MAIN ENTRY--MEETING NAME |
| Meeting name or jurisdiction name as entry element |
International Conference on 'Achieving Peace in Afghanistan: Challenges and Prospects |
| Date of meeting |
(2017 : |
| Location of meeting |
Islāmābād : Pakistan) |
| 9 (RLIN) |
13006 |
| 245 00 - TITLE STATEMENT |
| Title |
Achieving Peace in Afghanistan : |
| Remainder of title |
challenges and prospects / |
| Statement of responsibility, etc. |
acting president, Brigadier (R) Sohail Tirmizi, SI (M), conference coordinator, Sobia Saeed Paracha; editor, Sarah Siddiq Aneel, assistant conference coordinator, Umar Farooq Khan. |
| 264 #1 - PRODUCTION, PUBLICATION, DISTRIBUTION, MANUFACTURE, AND COPYRIGHT NOTICE |
| Place of production, publication, distribution, manufacture |
Islamabad : |
| Name of producer, publisher, distributor, manufacturer |
Islamabad Policy Research Institute : |
| -- |
Hanns Seidel Foundation, |
| Date of production, publication, distribution, manufacture, or copyright notice |
2017. |
| 300 ## - PHYSICAL DESCRIPTION |
| Extent |
xvi, 157 pages : |
| Other physical details |
color illustrations ; |
| Dimensions |
24 cm |
| 336 ## - CONTENT TYPE |
| Content type term |
text |
| Content type code |
txt |
| Source |
rdacontent |
| 337 ## - MEDIA TYPE |
| Media type term |
unmediated |
| Media type code |
n |
| Source |
rdamedia |
| 338 ## - CARRIER TYPE |
| Carrier type term |
volume |
| Carrier type code |
nc |
| Source |
rdacarrier |
| 650 #0 - SUBJECT ADDED ENTRY--TOPICAL TERM |
| Topical term or geographic name entry element |
Peace-building |
| Geographic subdivision |
Afghanistan |
| Form subdivision |
Congresses. |
| 9 (RLIN) |
13007 |
| 650 #0 - SUBJECT ADDED ENTRY--TOPICAL TERM |
| Topical term or geographic name entry element |
Peace-building |
| General subdivision |
International cooperation |
| Form subdivision |
Congresses. |
| 9 (RLIN) |
13008 |
| 650 #0 - SUBJECT ADDED ENTRY--TOPICAL TERM |
| Topical term or geographic name entry element |
Internal security |
| Geographic subdivision |
Afghanistan |
| Form subdivision |
Congresses. |
| 9 (RLIN) |
13009 |
| 651 #0 - SUBJECT ADDED ENTRY--GEOGRAPHIC NAME |
| Geographic name |
Afghanistan |
| General subdivision |
Politics and government |
| Chronological subdivision |
2001- |
| Form subdivision |
Congresses. |
| 9 (RLIN) |
13010 |
| 700 1# - ADDED ENTRY--PERSONAL NAME |
| Personal name |
Aneel, Sarah Siddiq, |
| Relator term |
editor. |
| 9 (RLIN) |
13011 |
| 710 2# - ADDED ENTRY--CORPORATE NAME |
| Corporate name or jurisdiction name as entry element |
Islamabad Policy Research Institute. |
| 9 (RLIN) |
13012 |
| 710 2# - ADDED ENTRY--CORPORATE NAME |
| Corporate name or jurisdiction name as entry element |
Hanns-Seidel-Stiftung |
| 9 (RLIN) |
3841 |
| 906 ## - LOCAL DATA ELEMENT F, LDF (RLIN) |
| a |
7 |
| b |
cbc |
| c |
origode |
| d |
3 |
| e |
ncip |
| f |
20 |
| g |
y-gencatlg |
| 942 ## - ADDED ENTRY ELEMENTS (KOHA) |
| Source of classification or shelving scheme |
|
| Koha item type |
Book |